| 000 | 00884nam a22002417a 4500 | ||
|---|---|---|---|
| 005 | 20110513111028.0 | ||
| 008 | 110513t xxu||||| |||| 00| 0 eng d | ||
| 010 | _aENG-102470 | ||
| 020 |
_a9788183334358 _c120.00 |
||
| 035 | _aEN-86003 | ||
| 037 | _bDBAD/PUB | ||
| 040 |
_adpl _bEng |
||
| 082 | _a006.686 | ||
| 100 |
_925528 _aJain, Satish |
||
| 245 |
_aPhotoshop CS5 : _cby Satish Jain, Shalini Jain [and] Geetha Iyer _bmade simple / |
||
| 260 |
_aNew Delhi _bBPB Publications _c2011 |
||
| 270 |
_aB-14, Connaught Place _bNew Delhi _e110001 _k23325760, 43526249 |
||
| 300 |
_a262 p. : _c21cm (pbk) _bill |
||
| 700 |
_928039 _aJain, Shalini |
||
| 700 |
_aIyer, Geetha _928082 |
||
| 942 |
_2ddc _cEN _h006.686 _mJAI |
||
| 999 |
_c52425 _d52425 |
||